Giáo trình kinh tế môi trường

Enregistré dans:
Détails bibliographiques
Auteur principal:  Hoàng Xuân Cơ
Format: Sách
Langue:Undetermined
Publié:  Giáo dục  2010
Sujets:
Tags: Ajouter un tag
Pas de tags, Soyez le premier à ajouter un tag!
Thư viện lưu trữ: Trung tâm Thư viện - Trường Đại học Công nghiệp TP. Hồ Chí Minh
LEADER 00484nam a2200157Ia 4500
001 UIH_03405
008 231011s9999 xx 000 0 und d
082 |a  628 
100 |a  Hoàng Xuân Cơ 
245 0 |a  Giáo trình kinh tế môi trường 
245 0 |c  Hoàng Xuân Cơ 
260 |b  Giáo dục 
260 |c  2010 
650 |a  Kinh tế;  
927 |a Sách 
980 |a Trung tâm Thư viện - Trường Đại học Công nghiệp TP. Hồ Chí Minh